MARC

LEADER 00000nam0a2200000 4500
001 287806
005 20231102000027.0
020 |a RU  |b 85-61004 
035 |a (RuTPU)RU\TPU\book\312238 
090 |a 287806 
100 |a 20150319d1985 k y0rusy5003 ca 
101 0 |a rus 
102 |a UA 
105 |a a z 001zy 
200 1 |a Повышение прочности сварных конструкций  |e [монография]  |f А. Е. Аснис, Г. А. Иващенко  |g Академия наук Украинской ССР (АН УССР), Институт электросварки им. Е. О. Патона (ИЭС) 
205 |a 2-е изд., перераб. и доп. 
210 |a Киев  |c Наукова думка  |d 1985 
215 |a 256 с.  |c ил.  |d 22 см 
320 |a Библиогр.: с. 244-253 
606 1 |a Сварные конструкции  |x Прочность  |2 stltpush  |3 (RuTPU)RU\TPU\subj\53968  |9 72132 
610 1 |a сталь 
610 1 |a легирование 
610 1 |a сварка 
610 1 |a конструкционные стали 
610 1 |a слоистое растрескивание 
610 1 |a неоднородность 
610 1 |a сварочные напряжения 
610 1 |a швы 
610 1 |a аргонодуговая обработка 
610 1 |a монографии 
675 |a 624.078  |z rus  |v 4 
700 1 |a Аснис  |b А. Е.  |g Аркадий Ефимович  |4 070 
701 1 |a Иващенко  |b Г. А.  |g Георгий Антонович  |4 070 
712 0 2 |a Академия наук Украинской ССР (АН УССР)  |b Институт электросварки им. Е. О. Патона (ИЭС)  |c (Киев)  |2 stltpush  |3 (RuTPU)RU\TPU\col\13726 
801 0 |a RU  |b RuMRKP  |c 19950704  |g psbo 
801 1 |a RU  |b 63413507  |c 20150319 
801 2 |a RU  |b 63413507  |c 20180118  |g RCR 
942 |c BK